000
00269nam a2200097Ia 4500
008
200302s9999 xx 000 0 und d
100
_a
Balslev jorgensen & Other
245
_a
Neoclassical Archtecture in Copenhagen & Athens
260
_b
Academy Group. Ltd.
300
_a
80 P.,
999
_c
769
_d
769